| 000 | 00381nam a22001457a 4500 | ||
|---|---|---|---|
| 003 | OSt | ||
| 005 | 20160727222347.0 | ||
| 008 | 160621b xxu||||| |||| 00| 0 eng d | ||
| 040 | _cTEST | ||
| 100 |
_9268 _aGottfried, B, S, G |
||
| 245 | _aTheory and Problems of Programing with C | ||
| 260 |
_aN.D _b TATA _c1990 |
||
| 300 | _aTheory and Problems of Programing with C | ||
| 942 |
_2ddc _cBK |
||
| 999 |
_c215 _d215 |
||